Statistics for Disney Characters by Celebrity Voice

Click here to take the quiz!

General Stats

  • This quiz has been taken 28 times
    (19 since last reset)
  • The average score is 11 of 16

Answer Stats

Answer% Correct
Mrs. Potts
84%
Rapunzel
84%
Scar
84%
Anna
79%
Jane
79%
Olaf
79%
John Smith
74%
Bolt
68%
Maui
68%
Hades
63%
Iago
63%
Esmeralda
58%
Mushu
58%
Yzma
53%
Fix-It Felix
47%
Kuzco
47%

Score Distribution

Percentile by Number Answered

Percent of People with Each Score

Your Score History

You have not taken this quiz since the last reset